ALL U.S. Highway Shields - Statistics

General Stats
  • This quiz has been taken 551 times
  • The average score is 25 of 56
Answer Stats
Picture Answer % Correct
Idaho
96%
Alaska
85%
Colorado
83%
Louisiana
68%
Nevada
65%
Florida
64%
California
63%
North Dakota
63%
Oklahoma
62%
Tennessee
62%
Rhode Island
61%
Washington
61%
Minnesota
60%
Ohio
58%
Alabama
57%
Arizona
57%
South Carolina
57%
Interstate
54%
Michigan
54%
Utah
54%
Vermont
54%
New Mexico
53%
Georgia
52%
Missouri
51%
Washington, D.C.
50%
Wyoming
50%
Arkansas
49%
Kansas
47%
Texas
47%
Illinois
46%
New Hampshire
45%
Pennsylvania
45%
Indiana
44%
Generic (DE, IA, KY, MS, NJ, USVI)
43%
South Dakota
42%
Nebraska
41%
New York
34%
Montana
33%
U.S. Route
32%
Hawaii
31%
Guam
30%
Oregon
28%
County Route
27%
Wisconsin
27%
Business Loop/Spur
23%
North Carolina
22%
Virginia
22%
Generic (ME, MA)
19%
Maryland
18%
Connecticut
16%
Forest Route
14%
Puerto Rico (primary)
14%
Northern Mariana Islands
13%
West Virginia
13%
American Samoa
12%
Indian Route
12%
No matching quizzes found
Score Distribution
Percent of People with Each Score
Percentile by Number Answered
Your Score History
You have not taken this quiz